Derecho procesal penal Salvadoreño./ (Registro nro. 8089)

Detalles MARC
000 -LEADER
fixed length control field 01217nam a2200205Ia 4500
005 - FECHA Y HORA DE LA ÚLTIMA TRANSACCIÓN
control field 20250703103005.0
008 - FIXED-LENGTH DATA ELEMENTS--GENERAL INFORMATION
fixed length control field 230506s9999 xx 000 0 und d
020 ## - INTERNATIONAL STANDARD BOOK NUMBER
International Standard Book Number 9992328042
040 ## - CATALOGING SOURCE
Original cataloging agency UPAN
Transcribing agency Biblioteca San Vicente
Description conventions RCAA2
041 ## - LANGUAGE CODE
Language code of text/sound track or separate title spa
082 ## - DEWEY DECIMAL CLASSIFICATION NUMBER
Classification number 345.05
Item number C393d
año de publicación 2000
100 ## - MAIN ENTRY--PERSONAL NAME
Personal name Casado Pérez, José María
Relator code aut.
245 #0 - TITLE STATEMENT
Title Derecho procesal penal Salvadoreño./
Remainder of title José María Casado Pérez
260 ## - PUBLICATION, DISTRIBUTION, ETC. (IMPRINT)
Place of publication, distribution, etc El Salvador:
Name of publisher, distributor, etc Justicia de paz,
Date of publication, distribution, etc 2000
300 ## - PHYSICAL DESCRIPTION
Extent 1140 p.:
Dimensions 25 cm.
505 ## - FORMATTED CONTENTS NOTE
Formatted contents note Capitulo I. Los principios constitucionales del proceso penal<br/>Capitulo II. La acciòn penal y civil<br/>Capitulo III. Los sujetos procesales<br/>Capitulo IV. Los actos procesales<br/>Capitulo V. La prueba en el proceso penal<br/>Capitulo VI. La nulidad de actuaciones<br/>Capitulo VII. La instrucciòn (I)<br/>Capitulo VIII. La instrucciòn (II). La audiencia preliminar<br/>Capitulo IX. Las medidas cautelares<br/>Capitulo X. El sobreseimiento <br/>Capitulo XI. El juicio plenario<br/>Capitulo XII. Los procedimientos especiales<br/>Capitulo XIII. Los recursos<br/>Capitulo XIV. Ejecuciòn de la sentencia penal y disposiciones generales
650 ## - SUBJECT ADDED ENTRY--TOPICAL TERM
Source of heading or term LEMB
Topical term or geographic name as entry element Derecho penal
700 ## - ADDED ENTRY--PERSONAL NAME
Personal name López Ortega, Juan José
Relator code col.
942 ## - ADDED ENTRY ELEMENTS (KOHA)
Koha item type Libros
Source of classification or shelving scheme Dewey Decimal Classification
Existencias
Withdrawn status Lost status Source of classification or shelving scheme Damaged status Not for loan Collection code Home library Current library Date acquired Total Checkouts Full call number Barcode Date last seen Copy number Price effective from Koha item type
    Dewey Decimal Classification     Colección General Biblioteca UPAN San Vicente Biblioteca UPAN San Vicente 06/05/2023   345.05 C393d 12000742 06/05/2023 01 06/05/2023 Libros
    Dewey Decimal Classification     Colección General Biblioteca UPAN San Vicente Biblioteca UPAN San Vicente 06/05/2023   345.05 C393d 12000741 08/05/2023 02 06/05/2023 Libros
    Dewey Decimal Classification     Colección General Biblioteca UPAN San Vicente Biblioteca UPAN San Vicente 26/10/2024   345.05 C393d 12003103 26/10/2024 03 26/10/2024 Libros